IELTS preparation and practice : Listening and speaking
A series providing comprehensive preparation for the IELTS.
Gardado en:
| Autor Principal: | |
|---|---|
| Formato: | Libro |
| Idioma: | Undetermined |
| Publicado: |
Melburn
Oxford University Press
2000
|
| Những chủ đề: | |
| Các nhãn: |
Engadir etiqueta
Sen Etiquetas, Sexa o primeiro en etiquetar este rexistro!
|
| Thư viện lưu trữ: | Trung tâm Học liệu Trường Đại học Cần Thơ |
|---|
| LEADER | 00725nam a2200229Ia 4500 | ||
|---|---|---|---|
| 001 | CTU_42299 | ||
| 008 | 210402s9999 xx 000 0 und d | ||
| 020 | |c 98000 | ||
| 082 | |a 428.0076 | ||
| 082 | |b S131 | ||
| 100 | |a Sahanaya, Wendy | ||
| 245 | 0 | |a IELTS preparation and practice : | |
| 245 | 0 | |b Listening and speaking | |
| 245 | 0 | |c Wendy Sahanaya, Jeremy Lindeck | |
| 260 | |a Melburn | ||
| 260 | |b Oxford University Press | ||
| 260 | |c 2000 | ||
| 520 | |a A series providing comprehensive preparation for the IELTS. | ||
| 650 | |a English language,International english language testing system | ||
| 650 | |x Examinations, questions, etc | ||
| 904 | |i Minh | ||
| 980 | |a Trung tâm Học liệu Trường Đại học Cần Thơ | ||